ABC de la acústica arquitectónica.
I tiakina i:
| Kaituhi matua: | |
|---|---|
| Hōputu: | Pukapuka |
| Reo: | Pāniora |
| I whakaputaina: |
Barcelona, España
CEAC
1999
|
| Putanga: | Primera edición |
| Rangatū: | Biblioteca de Arquitectura y Construcción
|
| Ngā marau: | |
| Ngā Tūtohu: |
Tāpirihia he Tūtohu
Kāore He Tūtohu, Me noho koe te mea tuatahi ki te tūtohu i tēnei pūkete!
|
MARC
| LEADER | 00000nam a2200000 a 4500 | ||
|---|---|---|---|
| 001 | UCG0491 | ||
| 003 | CL-VaPUC | ||
| 005 | 20230622124507.0 | ||
| 008 | 100325e19990000SP |||||||||||||||||spa|d | ||
| 999 | |c 340113 |d 340111 | ||
| 020 | |a 8432920177 | ||
| 040 | |c Pontificia Universidad Católica de Valparaíso | ||
| 082 | 0 | 4 | |a 721.046 ARA 1999 |2 21 |
| 100 | 0 | |a Arau, Higini |9 547931 | |
| 245 | 1 | 0 | |a ABC de la acústica arquitectónica. |
| 250 | |a Primera edición | ||
| 260 | 0 | 3 | |a Barcelona, España |b CEAC |c 1999 |
| 300 | |a 336 páginas | ||
| 490 | 0 | |a Biblioteca de Arquitectura y Construcción | |
| 583 | |a last modification |c 20121217 09:32:53 |k Rodrigo Vera | ||
| 650 | 0 | |a Acústica |9 265389 | |
| 650 | 0 | |a Medio ambiente |9 257625 | |
| 650 | 0 | |a Diseño arquitectónico |9 265271 | |
| 650 | 0 | |a Aislamiento acústico |9 267154 | |
| 942 | |c BK |2 ddc | ||
| 945 | |d 20100325 00:00:00 |a cmena | ||
| 952 | |0 0 |1 0 |2 ddc |4 0 |6 721_046000000000000_ARA_1999 |7 0 |8 A |9 434625 |a BIBARQ |b BIBARQ |d 2019-11-22 |i 4656911 |l 4 |o 721.046 ARA 1999 |p 4656911 |r 2025-01-20 |s 2024-09-03 |t 1 |w 2019-11-22 |y BK |k ARQ | ||